Constitutional law of India : (Record no. 135983)

MARC details
000 -LEADER
fixed length control field 00778nam a22002417a 4500
005 - DATE AND TIME OF LATEST TRANSACTION
control field 20170124110253.0
010 ## - LIBRARY OF CONGRESS CONTROL NUMBER
LC control number A-339024
020 ## - INTERNATIONAL STANDARD BOOK NUMBER
Terms of availability 300.00
035 ## - SYSTEM CONTROL NUMBER
System control number A-339024
037 ## - SOURCE OF ACQUISITION
Source of stock number/acquisition Cen Lib/Ret
040 ## - CATALOGING SOURCE
Original cataloging agency DPL
Language of cataloging EN
082 ## - DEWEY DECIMAL CLASSIFICATION NUMBER
Classification number 342.954
Item number SEE
100 ## - MAIN ENTRY--PERSONAL NAME
Personal name Seervai, H.M.
9 (RLIN) 99942
245 ## - TITLE STATEMENT
Title Constitutional law of India :
Statement of responsibility, etc by H. M. Seervai
Remainder of title a critical commentary /
250 ## - EDITION STATEMENT
Edition statement 3rd ed.
260 ## - PUBLICATION, DISTRIBUTION, ETC. (IMPRINT)
Place of publication, distribution, etc Bombay
Name of publisher, distributor, etc H.M.Seervai
Date of publication, distribution, etc 1988
270 ## - ADDRESS
City Bombay
Address 146 M.Karve Road
Postal code 400 020
300 ## - PHYSICAL DESCRIPTION
Extent various pagings
Dimensions 22cm(Hb)
505 ## - FORMATTED CONTENTS NOTE
Formatted contents note Supplement to 3rd ed ; including a monograph on the transfer of power to india
650 ## - SUBJECT ADDED ENTRY--TOPICAL TERM
Topical term or geographic name as entry element Constitutional law -- India.
9 (RLIN) 107482
650 ## - SUBJECT ADDED ENTRY--TOPICAL TERM
Topical term or geographic name as entry element Constitutional law.
9 (RLIN) 107483
942 ## - ADDED ENTRY ELEMENTS (KOHA)
Source of classification or shelving scheme Dewey Decimal Classification
Koha item type English Books
Classification part 342.954
Call number suffix SEE
Holdings
Withdrawn status Lost status Damaged status Not for loan Collection code Home library Current library Date acquired Source of acquisition Cost, normal purchase price Total Checkouts Full call number Barcode Date last seen Copy number Cost, replacement price Price effective from Koha item type
      Not For Loan Reference Central Library Central Library 12/10/2015 Cen Lib/Ret 300.00   342.954 SEE A-339024 12/10/2015 1 300.00 12/10/2015 English Books

© Delhi Public Library
Hit Counter
free hit counter